Hồ Chí Minh nhà dự báo thiên tài
Cuốn sách đã tuyển lựa, hệ thống hoá các tư liệu, sách báo viết về Bác nhằm làm nổi bật khả năng dự báo thiên tài của Chủ tịch Hồ Chí Minh từ khi lựa chọn con đường đi của cách mạng Việt Nam, dẫn dắt đất nước qua 2 cuộc kháng chiến...
Gespeichert in:
| 1. Verfasser: | |
|---|---|
| Format: | Buch |
| Sprache: | Vietnamese |
| Veröffentlicht: |
Nghệ An
Nghệ An
2008
|
| Ausgabe: | Tái bản lần thứ 2 |
| Schlagworte: | |
| Tags: |
Tag hinzufügen
Keine Tags, Fügen Sie den ersten Tag hinzu!
|
| Thư viện lưu trữ: | Mạng thư viện Đại học Đà Nẵng |
|---|
| LEADER | 01615aam a22004218a 4500 | ||
|---|---|---|---|
| 001 | 000007493 | ||
| 003 | 3655 | ||
| 005 | 20111005071022.0 | ||
| 008 | 111004s2008 viesd | ||
| 020 | |c 23000đ |d 3000b | ||
| 041 | |a vie | ||
| 082 | |a 895.9228 |b TR-Đ | ||
| 084 | |a A372 |b H450C | ||
| 100 | 0 | |a Trần Đương | |
| 245 | |a Hồ Chí Minh nhà dự báo thiên tài |c Trần Đương | ||
| 250 | |a Tái bản lần thứ 2 | ||
| 260 | |a Nghệ An |b Nghệ An |c 2008 | ||
| 300 | |a 150 tr. |c 20 cm. | ||
| 520 | |a Cuốn sách đã tuyển lựa, hệ thống hoá các tư liệu, sách báo viết về Bác nhằm làm nổi bật khả năng dự báo thiên tài của Chủ tịch Hồ Chí Minh từ khi lựa chọn con đường đi của cách mạng Việt Nam, dẫn dắt đất nước qua 2 cuộc kháng chiến | ||
| 600 | 7 | |2 Bộ TK TVQG |y 1890-1969 |z Việt Nam | |
| 650 | 7 | |2 Bộ TK TVQG | |
| 650 | 7 | |2 Bộ TK TVQG | |
| 651 | 7 | |2 Bộ TK TVQG |a Việt Nam | |
| 653 | |a Hồ Chí Minh | ||
| 653 | |a Chủ tịch | ||
| 653 | |a Tiên đoán | ||
| 653 | |a Cách mạng | ||
| 910 | |a Huỳnh Thị Cẩm Lai |d 04/10/2011 | ||
| OWN | |a LSP | ||
| AVA | |a UDN50 |b LSP |d 895.9228 TR-Đ |e check_holdings |t Error 5003 Not defined in file expand_doc_bib_avail. |h N |k 1 | ||
| 999 | |a From the UDN01 | ||
| AVA | |a UDN50 |b LSP |d 895.9228 TR-Đ |e available |t Error 5001 Not defined in file expand_doc_bib_avail. |f 15 |g 0 |h N |i 0 |k 1 | ||
| TYP | |a Monograph | ||
| TYP | |a Printed language | ||
| 980 | |a Mạng thư viện Đại học Đà Nẵng | ||